[Event "276th YMCA Summer A"]
[Site "Warsaw"]
[Date "2023.08.04"]
[Round "8"]
[White "Malicki, Jan"]
[Black "Flis, Piotr"]
[Result "1/2-1/2"]
[WhiteElo "1632"]
[BlackElo "1698"]
[PlyCount "156"]
[EventDate "2023.07.04"]
[EventType "tourn"]
[EventRounds "2"]
[EventCountry "POL"]
[SourceDate "2023.07.04"]

1. d4 Nf6 2. c4 e6 3. Nf3 b6 4. g3 Bb7 5. Bg2 g6 6. O-O Bg7 7. Nc3 Ne4 8. Nxe4
Bxe4 9. Bg5 Qc8 10. Qd2 O-O 11. Bh6 d6 12. Qf4 Bb7 13. e4 Nd7 14. e5 dxe5 15.
Nxe5 Bxg2 16. Bxg7 Kxg7 17. Kxg2 c5 18. Rfd1 cxd4 19. Nxd7 Qxd7 20. Qxd4+ Qxd4
21. Rxd4 Rac8 22. Rad1 Rc7 23. b3 f6 24. Kf3 Re8 25. Rd7+ Re7 26. Rxe7+ Rxe7
27. Ke4 Kf7 28. h4 Rc7 29. Rd8 Ke7 30. Rh8 Kd6 31. f4 Rd7 32. b4 a5 33. bxa5
bxa5 34. Ra8 Kc5 35. Rc8+ Kd6 36. c5+ Ke7 37. Ra8 f5+ 38. Ke3 e5 39. fxe5 Rd5
40. Rxa5 Ke6 41. Rb5 Kxe5 42. a4 Rd1 43. c6+ Kd6 44. Rb7 Kxc6 45. Rxh7 Re1+ 46.
Kf2 Re4 47. Rh6 Rxa4 48. h5 Kd6 49. Rxg6+ Ke7 50. Kf3 Kf7 51. Rb6 Rg4 52. h6
Kg8 53. Rf6 Rg5 54. Rb6 Kh7 55. Ra6 Rg4 56. Rc6 Rg5 57. Rd6 Rg4 58. Rf6 Ra4 59.
Rxf5 Kxh6 60. Re5 Kg7 61. g4 Kg8 62. Kg3 Ra8 63. Kh4 Rb8 64. Kh5 Ra8 65. g5 Rb8
66. Kh6 Ra8 67. g6 Rb8 68. Re7 Ra8 69. Re5 Rb8 70. Kg5 Ra8 71. Kh6 Rb8 72. Re7
Ra8 73. Kg5 Rb8 74. Kf6 Ra8 75. Rg7+ Kf8 76. Rh7 Kg8 77. Re7 Rb8 78. Kg5 Ra8
$11 1/2-1/2

[Event "276th YMCA Summer A"]
[Site "Warsaw"]
[Date "2023.08.04"]
[Round "8"]
[White "Kasperkiewicz, Pawel"]
[Black "Polak, Michal"]
[Result "1/2-1/2"]
[WhiteElo "1850"]
[BlackElo "1895"]
[PlyCount "117"]
[EventDate "2023.07.04"]
[EventType "tourn"]
[EventRounds "2"]
[EventCountry "POL"]
[SourceDate "2023.07.04"]

1. c4 e6 2. Nf3 d5 3. d4 c6 4. e3 Nf6 5. Nc3 Bd6 6. Bd3 Nbd7 7. O-O O-O 8. e4
dxe4 9. Nxe4 Nxe4 10. Bxe4 Nf6 11. Bc2 h6 12. b3 b6 13. Bb2 Bb7 14. Qd3 Re8 15.
Rfe1 Kf8 16. Rad1 c5 17. d5 exd5 18. Rxe8+ Kxe8 19. cxd5 Kf8 20. Nh4 Bc8 21.
Nf5 Bxf5 22. Qxf5 Qe7 23. Bd3 Rd8 24. Kf1 Bb8 25. Bc4 Qe4 26. Qxe4 Nxe4 27. g3
Re8 28. Bd3 Nd6 29. Re1 f6 30. Rxe8+ Nxe8 31. Bb5 Nc7 32. Bc6 Ke7 33. Bc1 Na6
34. Ke2 Nb4 35. Bb7 Nxa2 36. Bd2 Be5 37. Kd3 Kd6 38. Kc4 g5 39. h4 Bd4 40. hxg5
hxg5 41. f3 Bf2 42. f4 g4 43. Bc8 Bxg3 44. Bxg4 Nb4 45. Bf3 Nc2 46. Bc3 Ne3+
47. Kb5 Nxd5 48. Bxd5 Kxd5 49. Bxf6 Bxf4 50. Ka6 Be5 51. Bh4 Kd4 52. Be1 Bb8
53. Kb7 b5 54. Kxb8 b4 55. Kxa7 c4 56. Bxb4 cxb3 57. Bf8 b2 58. Bg7+ Ke4 59.
Bxb2 1/2-1/2

[Event "276th YMCA Summer A"]
[Site "Warsaw"]
[Date "2023.07.28"]
[Round "9"]
[White "Kasperkiewicz, Pawel"]
[Black "Michalska, Aleksandra"]
[Result "0-1"]
[WhiteElo "1850"]
[BlackElo "1836"]
[PlyCount "94"]
[EventDate "2023.07.04"]
[EventType "tourn"]
[EventRounds "2"]
[EventCountry "POL"]
[SourceDate "2023.07.04"]

1. c4 e6 2. Nf3 Nf6 3. g3 b6 4. Bg2 Bb7 5. O-O Be7 6. d4 O-O 7. d5 exd5 8. Nh4
Ne4 9. cxd5 Nd6 10. Nf3 f5 11. Nc3 Na6 12. Bf4 Qe8 13. a3 Qh5 14. Ne5 Rad8 15.
Bf3 Qe8 16. Nd3 g5 17. Be5 c6 18. e3 Nf7 19. Ne2 Nxe5 20. Nxe5 Bf6 21. Nc4 Qg6
22. Nd6 Ba8 23. e4 Bxb2 24. Nxf5 Rxf5 25. exf5 Qxf5 26. Bg2 Bxa1 27. Qxa1 c5
28. Nc3 Re8 29. Re1 Rf8 30. Re2 Nc7 31. Be4 Qf6 32. Qe1 Qf7 33. Qd2 h6 34. d6
Bxe4 35. Rxe4 Ne6 36. Nd5 Nd4 37. Ne7+ Kg7 38. Rxd4 cxd4 39. Qxd4+ Qf6 40. Qd2
Re8 41. Qb4 Qe5 42. h4 Kf7 43. hxg5 hxg5 44. Qb3+ Kg7 45. Qb4 Rh8 46. Qg4 Qe1+
47. Kg2 Qh1# 0-1

[Event "276th YMCA Summer A"]
[Site "Warsaw"]
[Date "2023.08.07"]
[Round "9"]
[White "Polak, Michal"]
[Black "Malicki, Jan"]
[Result "1-0"]
[WhiteElo "1895"]
[BlackElo "1632"]
[PlyCount "58"]
[EventDate "2023.07.04"]
[EventType "tourn"]
[EventRounds "2"]
[EventCountry "POL"]
[SourceDate "2023.07.04"]

1. e4 c5 2. Nf3 d6 3. d4 cxd4 4. Nxd4 Nf6 5. Nc3 a6 6. Be3 e6 7. f3 b5 8. g4
Be7 9. g5 Nfd7 10. Qd2 Bb7 11. O-O-O b4 12. Nce2 d5 13. exd5 Bxd5 14. Kb1 O-O
15. Nf4 Bb7 16. Nfxe6 fxe6 17. Nxe6 Qc8 18. Qd4 Rf7 19. Bd3 Nf8 20. Nxf8 Qxf8
21. g6 Rxf3 22. Rhf1 Bf6 23. Rxf3 Bxf3 24. Qc4+ Kh8 25. Rf1 Nc6 26. Rxf3 Ne5
27. Rh3 h6 28. Qc7 Ng4 29. Bxh6 Qe7 1-0

[Event "276th YMCA Summer A"]
[Site "Warsaw"]
[Date "2023.07.27"]
[Round "10"]
[White "Michalska, Aleksandra"]
[Black "Flis, Piotr"]
[Result "1-0"]
[WhiteElo "1836"]
[BlackElo "1698"]
[PlyCount "123"]
[EventDate "2023.07.04"]
[EventType "tourn"]
[EventRounds "2"]
[EventCountry "POL"]
[SourceDate "2023.07.04"]

1. b3 Nf6 2. Bb2 d5 3. e3 c5 4. d4 cxd4 5. Bxd4 Bf5 6. Bd3 Bxd3 7. Qxd3 Nc6 8.
Bb2 e6 9. a3 Be7 10. Nf3 O-O 11. Nbd2 Rc8 12. O-O Qd7 13. Rfd1 Rfd8 14. Qe2 Qc7
15. Rac1 a6 16. c4 dxc4 17. Nxc4 Rxd1+ 18. Qxd1 Qd8 19. Qe2 b5 20. Ncd2 Na5 21.
Rxc8 Qxc8 22. Qd3 Nd5 23. g3 Bf6 24. Nd4 Nc6 25. Nxc6 Qxc6 26. Bxf6 Nxf6 27.
Qd8+ Qe8 28. Qd6 Qc8 29. Nf3 Ne8 30. Qe7 Qc1+ 31. Kg2 Qc6 32. e4 h6 33. Qd8 Kf8
34. Qd4 Nd6 35. Nd2 Ke8 36. f3 Kf8 37. e5 Nf5 38. Qd8+ Qe8 39. Qd3 Qc6 40. g4
Ne7 41. Qd8+ Qe8 42. Qd6 Qc8 43. Ne4 Ke8 44. Nc5 Nc6 45. f4 Nb8 46. Kf2 Nd7 47.
b4 Nxc5 48. bxc5 a5 49. Ke3 b4 50. axb4 axb4 51. Kd4 b3 52. Kc3 b2 53. Kxb2
Qb7+ 54. Kc3 Qb5 55. Qb6 Qe2 56. Qb8+ Kd7 57. Qd6+ Kc8 58. Qf8+ Kb7 59. Qxf7+
Kc6 60. Qxe6+ Kxc5 61. Qd6+ Kb5 62. Qd3+ 1-0

[Event "276th YMCA Summer A"]
[Site "Warsaw"]
[Date "2023.08.05"]
[Round "10"]
[White "Pajak, Jakub"]
[Black "Polak, Michal"]
[Result "0-1"]
[WhiteElo "1880"]
[BlackElo "1895"]
[PlyCount "64"]
[EventDate "2023.07.04"]
[EventType "tourn"]
[EventRounds "2"]
[EventCountry "POL"]
[SourceDate "2023.07.04"]

1. e4 c5 2. Nf3 Nc6 3. d4 cxd4 4. Nxd4 Nf6 5. Nc3 d6 6. f3 e5 7. Nb3 Be6 8. Be3
d5 9. exd5 Nxd5 10. Nxd5 Bxd5 11. Bb5 Qh4+ 12. Kf1 Rd8 13. Qe2 Be7 14. Bf2 Qf6
15. Re1 O-O 16. c4 Be6 17. Nc5 Bc8 18. Ne4 Qg6 19. h4 Nd4 20. Bxd4 Rxd4 21. h5
Qh6 22. Nf2 a6 23. Ba4 b5 24. Bxb5 axb5 25. Qxe5 Bf6 26. Qxb5 Bd7 27. Qc5 Rd2
28. Re2 Bd4 29. Qe7 Be6 30. Rh4 Rxe2 31. Rxd4 Qe3 32. Rd8 Qxf2# 0-1

[Event "276th YMCA Summer A"]
[Site "Warsaw"]
[Date "2023.08.05"]
[Round "10"]
[White "Malicki, Jan"]
[Black "Kasperkiewicz, Pawel"]
[Result "1/2-1/2"]
[WhiteElo "1632"]
[BlackElo "1850"]
[PlyCount "92"]
[EventDate "2023.07.04"]
[EventType "tourn"]
[EventRounds "2"]
[EventCountry "POL"]
[SourceDate "2023.07.04"]

1. d4 Nf6 2. c4 c5 3. d5 b5 4. cxb5 a6 5. b6 d6 6. Nc3 Nbd7 7. e4 Qxb6 8. Nf3
g6 9. Be2 Bg7 10. O-O O-O 11. Nd2 a5 12. Nc4 Qc7 13. f4 Ba6 14. Be3 Rfb8 15.
Qc2 Nb6 16. Nxb6 Qxb6 17. Rab1 Bxe2 18. Qxe2 Nd7 19. Qc2 Qc7 20. a4 Rb4 21. Nb5
Qb7 22. Bd2 Rxb5 23. axb5 Qxb5 24. b3 Rb8 25. Bc3 Bxc3 26. Qxc3 f6 27. Ra1 Qxb3
28. Qxa5 c4 29. Qc7 Qb6+ 30. Qxb6 Rxb6 31. Rfb1 Rxb1+ 32. Rxb1 Nc5 33. Rc1 Nd3
34. Rxc4 Nxf4 35. Rc8+ Kf7 36. Kf2 Nd3+ 37. Ke3 Nc5 38. g4 Nd7 39. h3 Ne5 40.
Ra8 Kg7 41. Kd4 Nf3+ 42. Kc4 Ng5 43. Re8 Kf7 44. Rh8 Kg7 45. Re8 Kf7 46. Rh8
Kg7 1/2-1/2